Discrete discriminant analysis /

Guardado en:
Autor Principal: Goldstein, Matthew, 1941-
Otros Autores: Dillon, William R.
Formato: Libro
Idioma:English
Publicado: New York : Wiley, c1978.
Series:Wiley series in probability and mathematical statistics
Materias:
Etiquetas: Agregar Etiqueta
Sin Etiquetas, Sea el primero en etiquetar este registro!
LEADER 00767pam a2200241 a 4500
001 MAT.inmabb005860
008 780223s1978####nyu######b####001#0#eng##
005 20130319155810.0
245 1 0 |a Discrete discriminant analysis /  |c Matthew Goldstein, William R. Dillon. 
260 |a New York :  |b Wiley,  |c c1978. 
300 |a x, 186 p. ;  |c 24 cm. 
490 0 |a Wiley series in probability and mathematical statistics 
504 |a Bibliografía: p. 179-182. 
500 |a Incluye índice. 
510 4 |a MR,  |c 57 #17953 
020 |a 047104167X 
100 1 |a Goldstein, Matthew,  |d 1941- 
700 1 |a Dillon, William R. 
650 0 |a Discriminant analysis. 
084 |a 62H30  |2 msc2000 
010 |a  78002899  
040 |a DLC  |c DLC  |d DLC 
859 |h 62  |i G624  |p A-4943  |b BIB. MATEMATICA